000 00681nam a22002057a 4500
003 TZ-ArACH
005 20260410155803.0
008 260410b |||||||| |||| 00| 0 eng d
022 _a2523-1367
040 _aLC
_bEN
_cTZ-ArACH
050 _aKQC572
_b.A75 2022
110 _aAfrican Court on Human and Peoples' Rights
245 _aAfrican Human Rights Yearbook = Annuaire Africain des Droits de l'Homme Vol. 6 (2022)
260 _aPretoria:
_bPretoria University Law Press;
_c2022
300 _axv, 394 p.:
650 _aHuman Rights
651 _aAfrica
856 _uhttps://repository.african-court.org/handle/123456789/83
_yAfCHPR Digital Repository
942 _2lcc
_cBOOK
999 _c7842
_d7842